|
|
|
|
| LEADER |
00000nam0a2200000 4500 |
| 001 |
300036 |
| 005 |
20231102001249.0 |
| 020 |
|
|
|a RU
|b 83-6817
|
| 035 |
|
|
|a (RuTPU)RU\TPU\book\325189
|
| 090 |
|
|
|a 300036
|
| 100 |
|
|
|a 20150707d1983 km y0rusy5003 ca
|
| 101 |
0 |
|
|a rus
|
| 102 |
|
|
|a RU
|
| 105 |
|
|
|a y g 001zy
|
| 200 |
1 |
|
|a Малакологи СССР
|e справочник
|f О. В. Амитров
|g Академия наук СССР (АН СССР), Палеонтологический институт (ПИН)
|
| 210 |
|
|
|a Москва
|c Наука
|d 1983
|
| 215 |
|
|
|a 85 с.
|
| 320 |
|
|
|a Алф. указ.: с. 5-34
|
| 320 |
|
|
|a Указ.: с. 35-81
|
| 606 |
1 |
|
|a Малакология
|2 stltpush
|3 (RuTPU)RU\TPU\subj\40947
|9 60773
|
| 610 |
1 |
|
|a справочники
|
| 610 |
1 |
|
|a молюски
|
| 610 |
1 |
|
|a ископаемые организмы
|
| 610 |
1 |
|
|a ученые
|
| 675 |
|
|
|a 564
|z rus
|v 3
|
| 700 |
|
1 |
|a Амитров
|b О. В.
|g Олег Владимирович
|4 070
|
| 712 |
0 |
2 |
|a Академия наук СССР (АН СССР)
|b Палеонтологический институт (ПИН)
|c (Москва)
|2 stltpush
|3 (RuTPU)RU\TPU\col\11384
|
| 801 |
|
0 |
|a RU
|b RuMRKP
|c 19950704
|g psbo
|
| 801 |
|
1 |
|a RU
|b 63413507
|c 20150707
|
| 801 |
|
2 |
|a RU
|b 63413507
|c 20190218
|g RCR
|
| 942 |
|
|
|c BK
|